<?xml version="1.0" encoding="UTF-8"?>
<record
    xmlns:xsi="http://www.w3.org/2001/XMLSchema-instance"
    xsi:schemaLocation="http://www.loc.gov/MARC21/slim http://www.loc.gov/standards/marcxml/schema/MARC21slim.xsd"
    xmlns="http://www.loc.gov/MARC21/slim">

  <leader>00274nam a22000977a 4500</leader>
  <controlfield tag="008">240220b        |||||||| |||| 00| 0 eng d</controlfield>
  <datafield tag="082" ind1=" " ind2=" ">
    <subfield code="a">A-C</subfield>
    <subfield code="b">DOCE</subfield>
  </datafield>
  <datafield tag="100" ind1="1" ind2="0">
    <subfield code="a">Doce relatos de mujeres </subfield>
    <subfield code="e">autor</subfield>
    <subfield code="9">43452</subfield>
  </datafield>
  <datafield tag="245" ind1=" " ind2=" ">
    <subfield code="a">Doce relatos de mujeres / </subfield>
    <subfield code="c">Fern&#xE1;ndez, Cristina</subfield>
  </datafield>
  <datafield tag="942" ind1=" " ind2=" ">
    <subfield code="2">ddc</subfield>
  </datafield>
  <datafield tag="999" ind1=" " ind2=" ">
    <subfield code="c">30634</subfield>
    <subfield code="d">17018</subfield>
  </datafield>
  <datafield tag="952" ind1=" " ind2=" ">
    <subfield code="0">0</subfield>
    <subfield code="1">0</subfield>
    <subfield code="2">ddc</subfield>
    <subfield code="4">0</subfield>
    <subfield code="6">A_C_DOCE</subfield>
    <subfield code="7">0</subfield>
    <subfield code="9">17953</subfield>
    <subfield code="a">Biblored</subfield>
    <subfield code="b">CPL</subfield>
    <subfield code="c">FIC</subfield>
    <subfield code="d">2024-02-16</subfield>
    <subfield code="l">0</subfield>
    <subfield code="o">A-C DOCE</subfield>
    <subfield code="p">35714000684139</subfield>
    <subfield code="r">2024-02-20 00:00:00</subfield>
    <subfield code="w">2024-02-20</subfield>
    <subfield code="x">ondeado</subfield>
    <subfield code="y">BK</subfield>
    <subfield code="z">Material Interbibliotecario BibloRed</subfield>
  </datafield>
</record>
